LDR 01116naa#a2200181#i#450# 001 RU\\bibl\119349 005 20260417170808.5 011 ## _a2949-1258 100 ## _a20260403b2026####ek#y0rusy0150####ca 102 ## _aRU 200 1# _aФормирование гражданской идентичности студентов на занятиях по дисциплине «Основы российской государственности» _eЖурнальная статья 210 1# _aВладивосток _cФедеральное государственное бюджетное образовательное учреждение высшего образования "Владивостокский государственный университет" _d2026 215 ## _a16 с. 608 ## _aЖурнальная статья _2local 675 ## _aНародное образование. Воспитание. Обучение. Организация досуга. 37 _z 700 #1 _aКриницкая _gМарина Юрьевна 700 #1 _aСвиридова _gАнна Юрьевна 856 4# _aojkum.editorum.ru _u